| 000 | 00955cam a2200229 i 4500 | ||
|---|---|---|---|
| 003 | SA-RiAUC | ||
| 005 | 20251119135648.0 | ||
| 008 | 251118s1983 su g 000 0 ara c | ||
| 040 |
_aSA-RiAUC _bara _cSA-RiAUC _erda |
||
| 082 | 0 | 4 | _a410.6 |
| 090 |
_a410.6 _bج ا م |
||
| 110 | 2 |
_aجامعة أم القرى. _bكلية اللغة العربية _eمؤلف. |
|
| 245 | 1 | 0 |
_aمحاضرات الموسم الثقافي لكلية اللغة العربية 02-1403 هـ.، 82-1983 م. / _cكلية اللغة العربية، جامعة أم القرى. |
| 264 | 1 |
_aمكة المكرمة : _bجامعة أم القرى، _c1983 |
|
| 300 |
_a28 صفحة ؛ _c24 سم |
||
| 336 |
_aنص _btxt _2rdacontent _3كتاب |
||
| 337 |
_aبدون وسيط _bn _2rdamedia |
||
| 338 |
_aمجلد _bnc _2rdacarrier |
||
| 650 | 7 |
_aاللغة العربية _vمقالات ومحاضرات _2aucsh |
|
| 942 |
_2ddc _cBOOK _n0 |
||
| 949 |
_aSA-JeALM _d251118 _umohamedma123 _n1 |
||
| 999 |
_c13356 _d13356 |
||